<?xml version="1.0" encoding="UTF-8"?>
<record
    xmlns:xsi="http://www.w3.org/2001/XMLSchema-instance"
    xsi:schemaLocation="http://www.loc.gov/MARC21/slim http://www.loc.gov/standards/marcxml/schema/MARC21slim.xsd"
    xmlns="http://www.loc.gov/MARC21/slim">

  <leader>03903nam a2200529Ia 4500</leader>
  <controlfield tag="001">1551</controlfield>
  <controlfield tag="008">241029s9999    xx            000 0 und d</controlfield>
  <datafield tag="010" ind1=" " ind2=" ">
    <subfield code="a">1448</subfield>
  </datafield>
  <datafield tag="041" ind1=" " ind2=" ">
    <subfield code="a">Espa&#xF1;ol</subfield>
  </datafield>
  <datafield tag="082" ind1=" " ind2=" ">
    <subfield code="a">MAED 2000-10.</subfield>
  </datafield>
  <datafield tag="245" ind1=" " ind2="0">
    <subfield code="a">Impacto de las innovaciones educativas en la Escuela Normal Superior Luis Napole&#xF3;n N&#xFA;&#xF1;ez Molina, de Licey al Medio, Santiago, a&#xF1;o 1993-1998</subfield>
  </datafield>
  <datafield tag="260" ind1=" " ind2=" ">
    <subfield code="a">Santiago</subfield>
  </datafield>
  <datafield tag="300" ind1=" " ind2=" ">
    <subfield code="a">76</subfield>
  </datafield>
  <datafield tag="520" ind1=" " ind2=" ">
    <subfield code="a">36</subfield>
  </datafield>
  <datafield tag="630" ind1=" " ind2=" ">
    <subfield code="a">Administraci&#xF3;n Educativa</subfield>
  </datafield>
  <datafield tag="630" ind1=" " ind2=" ">
    <subfield code="a">Calidad Educativa</subfield>
  </datafield>
  <datafield tag="650" ind1=" " ind2=" ">
    <subfield code="a">Administraci&#xF3;n de la Educaci&#xF3;n</subfield>
  </datafield>
  <datafield tag="690" ind1=" " ind2=" ">
    <subfield code="a">Sintetizado</subfield>
  </datafield>
  <datafield tag="700" ind1=" " ind2=" ">
    <subfield code="e">asesor</subfield>
    <subfield code="a">No, Aplica</subfield>
  </datafield>
  <datafield tag="700" ind1=" " ind2=" ">
    <subfield code="e">autor</subfield>
    <subfield code="a">Castillo Polanco, Miguel &#xC3;&#x81;ngel</subfield>
  </datafield>
  <datafield tag="901" ind1=" " ind2=" ">
    <subfield code="a">{"1":"Castillo Polanco"}</subfield>
    <subfield code="b">{"1":"Miguel &#xC3;&#x81;ngel"}</subfield>
  </datafield>
  <datafield tag="902" ind1=" " ind2=" ">
    <subfield code="a">1</subfield>
  </datafield>
  <datafield tag="903" ind1=" " ind2=" ">
    <subfield code="a">{"1":"No"}</subfield>
    <subfield code="b">{"1":"Aplica"}</subfield>
  </datafield>
  <datafield tag="904" ind1=" " ind2=" ">
    <subfield code="a">Maestr&#xED;a en</subfield>
  </datafield>
  <datafield tag="905" ind1=" " ind2=" ">
    <subfield code="a">Administraci&#xF3;n de la Educaci&#xF3;n</subfield>
  </datafield>
  <datafield tag="906" ind1=" " ind2=" ">
    <subfield code="a">2</subfield>
  </datafield>
  <datafield tag="907" ind1=" " ind2=" ">
    <subfield code="a">NO APLICA</subfield>
  </datafield>
  <datafield tag="908" ind1=" " ind2=" ">
    <subfield code="a">NO APLICA</subfield>
  </datafield>
  <datafield tag="909" ind1=" " ind2=" ">
    <subfield code="a">Pontificia Universidad Cat&#xF3;lica Madre y Maestra (PUCMM), Recinto Santiago</subfield>
  </datafield>
  <datafield tag="910" ind1=" " ind2=" ">
    <subfield code="a">NULL</subfield>
    <subfield code="b">NULL</subfield>
  </datafield>
  <datafield tag="911" ind1=" " ind2=" ">
    <subfield code="a">["1"]</subfield>
  </datafield>
  <datafield tag="912" ind1=" " ind2=" ">
    <subfield code="a">NO APLICA</subfield>
  </datafield>
  <datafield tag="913" ind1=" " ind2=" ">
    <subfield code="a">NULL</subfield>
  </datafield>
  <datafield tag="914" ind1=" " ind2=" ">
    <subfield code="a">01 de Febrero de 2000</subfield>
  </datafield>
  <datafield tag="915" ind1=" " ind2=" ">
    <subfield code="a">19/07/15 12:07</subfield>
  </datafield>
  <datafield tag="916" ind1=" " ind2=" ">
    <subfield code="a">NULL</subfield>
  </datafield>
  <datafield tag="917" ind1=" " ind2=" ">
    <subfield code="a">NULL</subfield>
  </datafield>
  <datafield tag="918" ind1=" " ind2=" ">
    <subfield code="a">NO APLICA</subfield>
  </datafield>
  <datafield tag="919" ind1=" " ind2=" ">
    <subfield code="a">["10","29"]</subfield>
  </datafield>
  <datafield tag="520" ind1=" " ind2=" ">
    <subfield code="a">El estudio es descriptivo, exploratorio. El estudio se circunscribe analizar minuciosamente los programas, planes, ordenanzas y pens&#xFA;m desarrollados durante los &#xFA;ltimos seis a&#xF1;os de labor de la Escuela Normal Superior Luis Napole&#xF3;n N&#xFA;&#xF1;ez Molina. Adem&#xE1;s de las innovaciones pedag&#xF3;gicas y el impacto en las actividades docente-administrativa, se evaluar&#xE1;n tomando como referencia los propios protagonistas de su aplicaci&#xF3;n. La poblaci&#xF3;n de esta investigaci&#xF3;n fue de 30 profesores del mismo Centro Educativo, de los cuales 16 son nombrados por la Secretar&#xED;a de Estado de Educaci&#xF3;n y Cultura (SEEC) y laboran a tiempo parcial y 14 son contratados para el Programa de Profesionalizaci&#xF3;n de Maestros en Servicios en per&#xED;odo sabatino.La poblaci&#xF3;n estudiantil estuvo compuesta por 700 estudiantes del Programa de Formaci&#xF3;n Inicial en per&#xED;odo regular (diario), matriculados en el per&#xED;odo septiembre-diciembre, del Programa de Profesionalizaci&#xF3;n Sabatino y egresados de la &#xFA;ltima promoci&#xF3;n (septiembre-diciembre 1998); adem&#xE1;s de 8 empleados administrativos. La poblaci&#xF3;n de profesores y personal administrativo constituye un n&#xFA;mero reducido, por lo que se escogi&#xF3; la totalidad. La muestra de estudiantes es de 248, distribuidos de la manera siguiente: regulares 34, sabatinos 124 y egresados 90.Se us&#xF3; un instrumento para identificar el impacto de las innovaciones pedag&#xF3;gicas y administrativas para aplic&#xE1;rselo a los profesores, estudiantes y personal administrativo. La recolecci&#xF3;n de los datos precisar&#xE1; las innovaciones pedag&#xF3;gicas ocurridas en 1993. El 50% de los profesores los contrata la Secretar&#xED;a y el otro 50% son contratados por el propio centro. En cuanto al perfil docente se tiene que: el 63.3% son licenciados, 20% tienen maestr&#xED;a, el 16.7% tiene post-grado y el 100% de los docentes licenciados est&#xE1;n finalizando la especialidad o la maestr&#xED;a. Las innovaciones pedag&#xF3;gicas han impactado el aprendizaje de los alumnos y el trabajo profesional de los docentes; hay una mayor integraci&#xF3;n de los alumnos a los trabajos del centro; se verific&#xF3; cambio en la planificaci&#xF3;n de las tareas por parte de los profesores, hubo actualizaci&#xF3;n y profesionalizaci&#xF3;n del personal docente y administrativo; se han usado los recursos tecnol&#xF3;gicos en la labor docente y administrativa, los docentes han mostrado mayor creatividad en sus tareas, se moderniz&#xF3; la ense&#xF1;anza, Mejor&#xF3; la metodolog&#xED;a y se equilibr&#xF3; la teor&#xED;a y la pr&#xE1;ctica.</subfield>
  </datafield>
  <datafield tag="921" ind1=" " ind2=" ">
    <subfield code="a">11</subfield>
  </datafield>
  <datafield tag="922" ind1=" " ind2=" ">
    <subfield code="a">11</subfield>
  </datafield>
  <datafield tag="923" ind1=" " ind2=" ">
    <subfield code="a">0</subfield>
  </datafield>
  <datafield tag="924" ind1=" " ind2=" ">
    <subfield code="a">NO APLICA</subfield>
  </datafield>
  <datafield tag="942" ind1=" " ind2=" ">
    <subfield code="c">Tesis</subfield>
  </datafield>
  <datafield tag="999" ind1=" " ind2=" ">
    <subfield code="c">1448</subfield>
    <subfield code="d">1448</subfield>
  </datafield>
</record>
